000 01357nam a22004577a 4500
001 BR7406430
003 BR-BrBNA
005 20230928084641.0
007 ta
008 230509b bl.||||| |||| 00| 0 por d
040 _aBR-BrBNA
_bpor
_cBiblioteca Nacional de Agricultura
041 _a(Por)
072 _aL00; E70
_b8968
_b8970
_b/G514
090 _ 8968 BR7406430
100 1 _aRocha, A.B. da
100 1 _aFernandes, A.S.
100 1 _aDavid, A.V.
100 1 _aLanznaster Neto, E.
100 1 _aMachado, L.J. de C.
100 1 _aBastos, R.P.B.
100 1 _aPacheco, W.S.
110 1 _aCentro de Treinamento em Desenvolvimento Economico, Fortaleza, CE (Brasil)
_91678
245 1 _aPEPISA Peles do Piaui S.A. [curtume, pele, ovino, caprino, mercado, Brasil]
_b1. Curso Regular de Formulacao e Avaliacao de Projetos
260 3 _aFortaleza, CE (Brasil):
_c[nd].
300 _a207 p.
500 _aSummary (Por); Published 1973?
650 _aPROJETO INDUSTRIAL
650 _aCURTUME
650 _aPELE
650 _aOVINO
650 _aCAPRINO
650 _aADMINISTRACAO DE EMPRESA
650 _aMERCADO NACIONAL
650 _aMERCADO INTERNACIONAL
650 _aMECANIZACAO INDUSTRIAL
650 _aCUSTO
650 _aFINANCIAMENTO
650 _aPIAUI
909 _a202309
_bLucia
_c55
_dLucia Elande
942 _cBK
999 _c20279
_d20279